000
00311nam a2200133Ia 4500
008
200103s9999||||xx |||||||||||||| ||und||
040
_a
IMU-MPC
082
_a
Column-16
100
_a
Olkhovsky, V.
245
0
_a
Navigation for fishermen
260
_b
Mir Publishers, Moscow
_c
1969
300
_a
386
942
_c
BK
999
_c
5848
_d
5848